| 000 | 00787cam a22002771 4500 | ||
|---|---|---|---|
| 999 |
_c2998 _d2998 |
||
| 001 | 8357275 | ||
| 005 | 20170927105351.0 | ||
| 008 | 721109s1949 nyu b 000 0 eng | ||
| 010 | _a 49009317 | ||
| 035 | _a(OCoLC)490772 | ||
| 040 |
_aDLC _cODaWU _dOCoLC _dDLC |
||
| 042 | _apremarc | ||
| 050 | 0 | 0 |
_aGN27 _b.M95 |
| 082 | _a392 | ||
| 100 | 1 |
_aMurdock, George Peter, _d1897- _936313 |
|
| 245 | 1 | 0 | _aSocial structure. |
| 260 |
_aNew York, _bMacmillan Co., _c1949. |
||
| 300 |
_axvii, 387 p. _c22 cm. |
||
| 504 | _aBibliography: p. 353-377. | ||
| 650 | 0 |
_aAnthropology. _936314 |
|
| 650 | 0 |
_aFamilies. _912662 |
|
| 650 | 0 |
_aMarriage. _936315 |
|
| 906 |
_a7 _bcbc _coclcrpl _du _encip _f19 _gy-gencatlg |
||
| 942 |
_2lcc _cMONOGRAPH |
||